| 000 | 00677nam a2200253Ia 4500 | ||
|---|---|---|---|
| 001 | 6460 | ||
| 005 | 20240113233919.0 | ||
| 007 | ta | ||
| 008 | 170602s1989 ii a g b000 u hin u | ||
| 040 | _aCotton College Assam | ||
| 041 | _ahin | ||
| 082 |
_a891.43308 _bAl 71 Pa |
||
| 100 | _aAulak, Chandra. | ||
| 245 | 0 |
_aPahli Stithi: Antim Stithi / _cChandra Aulak. _hTextual Documents |
|
| 250 | _a1st ed. / | ||
| 260 |
_aDelhi : _bGyan Bharati , _c1989. |
||
| 300 |
_a121p. : _bill. ; _c18cm . |
||
| 653 | _aHindi Short Stories-Collections | ||
| 653 | _aHindi fictions | ||
| 653 | _aGen-Hindi | ||
| 942 |
_2ddc _cBK |
||
| 999 |
_c6447 _d6447 |
||